| 000 | 00675 a2200169 4500 | ||
|---|---|---|---|
| 003 | Nust | ||
| 005 | 20221226121703.0 | ||
| 040 | _cNust | ||
| 082 | _a355,JOH | ||
| 100 |
_aJohnson, Hewlett _9105915 |
||
| 245 |
_aThe socialist sixth of the world / _cHewlett Johnson |
||
| 260 |
_aLondon, , ltd., _bV. Gollancz _c1939 |
||
| 300 | _a384 p. | ||
| 505 | _aApology and Excuse (Page-21), The Soviet Blue Prints the New Society (Page-87), The Socialist of The World (Page-167), The Greatest Good of The Greatest Number (Page-223), The Plan and the Peoples (Page-293), Mental and Spiritual Horizons (Page-341). | ||
| 650 |
_aCommunism --Russia _9105916 |
||
| 942 |
_2ddc _cBK _k355,JOH |
||
| 999 |
_c184702 _d184702 |
||